MLB Season Batting Average Leaders Since 2000 - Statistics

General Stats
  • This quiz has been taken 40 times
  • The average score is 183 of 250
Answer Stats
Year Rank Team Position Average Answer % Correct
2012 LAA CF .326 Mike Trout
100%
2013 LAA CF .323 Mike Trout
100%
2016 LAA CF .315 Mike Trout
100%
2018 LAA CF .312 Mike Trout
100%
2022 NYY CF .311 Aaron Judge
96%
2024 NYY CF .322 Aaron Judge
96%
2015 WSN RF .330 Bryce Harper
96%
2021 PHI RF .309 Bryce Harper
96%
2012 SFG C .336 Buster Posey
96%
2015 SFG C .318 Buster Posey
96%
2017 SFG C .320 Buster Posey
96%
2001 ATL 3B .330 Chipper Jones
96%
2002 ATL 3B .327 Chipper Jones
96%
2007 ATL 3B .337 Chipper Jones
96%
2008 ATL 3B .364 Chipper Jones
96%
2000 8. NYY SS .339 Derek Jeter
96%
2003 NYY SS .328 Derek Jeter
96%
2006 NYY SS .343 Derek Jeter
96%
2009 NYY SS .334 Derek Jeter
96%
2012 NYY SS .316 Derek Jeter
96%
2013 ATL 1B .319 Freddie Freeman
96%
2018 ATL 1B .309 Freddie Freeman
96%
2020 ATL 1B .341 Freddie Freeman
96%
2022 LAD 1B .325 Freddie Freeman
96%
2023 LAD 1B .331 Freddie Freeman
96%
2007 FLA SS .332 Hanley Ramírez
96%
2009 FLA SS .342 Hanley Ramírez
96%
2009 CIN 1B .322 Joey Votto
96%
2010 CIN 1B .324 Joey Votto
96%
2011 CIN 1B .309 Joey Votto
96%
2012 CIN 1B .337 Joey Votto
96%
2015 CIN 1B .314 Joey Votto
96%
2016 CIN 1B .326 Joey Votto
96%
2017 CIN 1B .320 Joey Votto
96%
2014 HOU 2B .341 Jose Altuve
96%
2015 HOU 2B .313 Jose Altuve
96%
2016 HOU 2B .338 Jose Altuve
96%
2017 HOU 2B .346 Jose Altuve
96%
2018 HOU 2B .316 Jose Altuve
96%
2024 HOU 2B .295 Jose Altuve
96%
2017 CLE 3B .318 José Ramírez
96%
2000 5. CLE LF .351 Manny Ramirez
96%
2002 BOS LF .349 Manny Ramirez
96%
2003 BOS LF .325 Manny Ramirez
96%
2008 BOS/LAD LF .332 Manny Ramirez
96%
2005 FLA LF .323 Miguel Cabrera
96%
2006 FLA 3B .339 Miguel Cabrera
96%
2009 DET 1B .324 Miguel Cabrera
96%
2010 DET 1B .328 Miguel Cabrera
96%
2011 DET 1B .344 Miguel Cabrera
96%
2012 DET 3B .330 Miguel Cabrera
96%
2013 DET 3B .348 Miguel Cabrera
96%
2014 DET 3B .313 Miguel Cabrera
96%
2015 DET 3B .338 Miguel Cabrera
96%
2016 DET 3B .316 Miguel Cabrera
96%
2003 STL 1B .359 Albert Pujols
92%
2004 STL 1B .331 Albert Pujols
92%
2005 STL 1B .330 Albert Pujols
92%
2006 STL 1B .331 Albert Pujols
92%
2008 STL 1B .357 Albert Pujols
92%
2009 STL 1B .327 Albert Pujols
92%
2005 NYY 3B .321 Alex Rodriguez
92%
2012 PIT CF .327 Andrew McCutchen
92%
2013 PIT CF .317 Andrew McCutchen
92%
2014 PIT CF .314 Andrew McCutchen
92%
2002 SFG LF .370 Barry Bonds
92%
2003 SFG LF .341 Barry Bonds
92%
2004 SFG LF .362 Barry Bonds
92%
2007 BOS DH .332 David Ortiz
92%
2001 SEA RF .350 Ichiro Suzuki
92%
2002 SEA RF .321 Ichiro Suzuki
92%
2004 SEA RF .372 Ichiro Suzuki
92%
2007 SEA RF .351 Ichiro Suzuki
92%
2009 SEA RF .352 Ichiro Suzuki
92%
2004 DET C .334 Ivan Rodríguez
92%
2006 MIN C .347 Joe Mauer
92%
2008 MIN C .328 Joe Mauer
92%
2009 MIN C .365 Joe Mauer
92%
2010 MIN C .327 Joe Mauer
92%
2012 MIN C .319 Joe Mauer
92%
2013 MIN C .324 Joe Mauer
92%
2016 BOS RF .318 Mookie Betts
92%
2018 BOS RF .348 Mookie Betts
92%
2023 LAD RF .307 Mookie Betts
92%
2015 ARI 1B .321 Paul Goldschmidt
92%
2022 STL 1B .317 Paul Goldschmidt
92%
2011 MIL LF .332 Ryan Braun
92%
2012 MIL LF .319 Ryan Braun
92%
2000 1. COL 1B .372 Todd Helton
92%
2001 COL 1B .336 Todd Helton
92%
2002 COL 1B .329 Todd Helton
92%
2003 COL 1B .358 Todd Helton
92%
2004 COL 1B .347 Todd Helton
92%
2005 COL 1B .320 Todd Helton
92%
2009 COL 1B .325 Todd Helton
92%
2000 6. MON RF .345 Vladimir Guerrero
92%
2002 MON RF .336 Vladimir Guerrero
92%
2004 ANA RF .337 Vladimir Guerrero
92%
2005 LAA RF .317 Vladimir Guerrero
92%
2006 LAA RF .329 Vladimir Guerrero
92%
2021 TOR 1B .311 Vladimir Guerrero Jr.
92%
2024 TOR 1B .323 Vladimir Guerrero Jr.
92%
2012 STL C .315 Yadier Molina
92%
2013 STL C .319 Yadier Molina
92%
2004 LAD 3B .334 Adrián Beltré
88%
2010 BOS 3B .321 Adrián Beltré
88%
2012 TEX 3B .321 Adrián Beltré
88%
2014 TEX 3B .324 Adrián Beltré
88%
2017 CHW RF .330 Avisail García
88%
2016 COL CF .324 Charlie Blackmon
88%
2017 COL CF .331 Charlie Blackmon
88%
2019 COL CF .314 Charlie Blackmon
88%
2018 BOS DH .330 JD Martinez
88%
2010 TEX CF .359 Josh Hamilton
88%
2017 LAD 3B .322 Justin Turner
88%
2020 WSN SS .335 Trea Turner
88%
2021 WSN/LAD SS .328 Trea Turner
88%
2024 PHI SS .295 Trea Turner
88%
2011 DET DH .330 Victor Martínez
88%
2014 DET DH .335 Victor Martínez
88%
2022 HOU DH .306 Yordan Alvarez
88%
2024 HOU DH .308 Yordan Alvarez
88%
2018 MIL RF .326 Christian Yelich
84%
2019 MIL RF .329 Christian Yelich
84%
2014 CHW 1B .317 Jose Abreu
84%
2022 CHW 1B .304 Jose Abreu
84%
2020 WSN RF .351 Juan Soto
84%
2021 WSN RF .313 Juan Soto
84%
2006 NYY 2B .342 Robinson Canó
84%
2010 NYY 2B .319 Robinson Canó
84%
2014 SEA 2B .314 Robinson Canó
84%
2023 ATL RF .337 Ronald Acuña Jr.
84%
2023 LAA DH .304 Shohei Ohtani
84%
2024 LAD DH .310 Shohei Ohtani
84%
2019 CHW SS .335 Tim Anderson
84%
2020 CHW SS .322 Tim Anderson
84%
2021 CHW SS .309 Tim Anderson
84%
2016 COL 2B .348 DJ LeMahieu
80%
2019 NYY 2B .327 DJ LeMahieu
80%
2020 NYY 2B .364 DJ LeMahieu
80%
2004 FLA CF .326 Juan Pierre
80%
2001 COL RF .350 Larry Walker
80%
2002 COL RF .338 Larry Walker
80%
2000 2. BOS SS .372 Nomar Garciaparra
80%
2023 TOR SS .306 Bo Bichette
76%
2008 BOS 2B .326 Dustin Pedroia
76%
2016 BOS 2B .318 Dustin Pedroia
76%
2001 HOU RF .331 Lance Berkman
76%
2018 WSN 3B .308 Anthony Rendon
72%
2019 WSN 3B .319 Anthony Rendon
72%
2005 CHC 1B .335 Derrek Lee
72%
2019 NYM 2B .318 Jeff McNeil
72%
2022 NYM 2B .326 Jeff McNeil
72%
2007 NYY C .338 Jorge Posada
72%
2011 NYM SS .337 Jose Reyes
72%
2022 MIN 1B .316 Luis Arráez
72%
2023 MIA 2B .354 Luis Arráez
72%
2024 MIA/SDP 1B .314 Luis Arráez
72%
2019 COL 3B .315 Nolan Arenado
72%
2010 COL SS .315 Troy Tulowitzki
72%
2015 BOS SS .320 Xander Bogaerts
72%
2022 BOS SS .307 Xander Bogaerts
72%
2011 BOS 1B .338 Adrián González
68%
2024 KCR SS .332 Bobby Witt Jr.
68%
2010 COL RF .336 Carlos González
68%
2013 ATL 3B .321 Chris Johnson
68%
2023 CHC CF .307 Cody Bellinger
68%
2001 OAK 1B .342 Jason Giambi
68%
2011 LAD CF .324 Matt Kemp
68%
2023 TEX SS .327 Corey Seager
64%
2020 ATL DH .338 Marcell Ozuna
64%
2024 ATL DH .302 Marcell Ozuna
64%
2002 NYY CF .333 Bernie Williams
60%
2007 PHI 2B .332 Chase Utley
60%
2002 CHW RF .320 Magglio Ordóñez
60%
2007 DET RF .363 Magglio Ordóñez
60%
2008 DET RF .317 Magglio Ordóñez
60%
2006 COL LF .326 Matt Holliday
60%
2007 COL LF .340 Matt Holliday
60%
2008 COL LF .321 Matt Holliday
60%
2000 7. TOR 1B .344 Carlos Delgado
56%
2016 WSN 2B .347 Daniel Murphy
56%
2017 WSN 2B .322 Daniel Murphy
56%
2015 MIA 2B .333 Dee Gordon
56%
2008 TEX 2B .319 Ian Kinsler
56%
2003 ATL C .328 Javy López
56%
2019 ARI CF .329 Ketel Marte
56%
2009 SFG 3B .330 Pablo Sandoval
56%
2021 MIA/OAK CF .310 Starling Marte
56%
2017 KCR 1B .318 Eric Hosmer
52%
2023 CLE 1B .308 Josh Naylor
52%
2014 CLE LF .327 Michael Brantley
52%
2018 CLE LF .309 Michael Brantley
52%
2021 HOU LF .311 Michael Brantley
52%
2005 TEX 3B .331 Michael Young
52%
2009 TEX 3B .322 Michael Young
52%
2011 TEX DH .338 Michael Young
52%
2020 PHI 3B .338 Alec Bohm
48%
2001 SEA 2B .331 Bret Boone
48%
2003 STL SS .330 Edgar Rentería
48%
2007 ATL SS .332 Edgar Rentería
48%
2011 BOS CF .321 Jacoby Ellsbury
48%
2006 BAL SS .330 Miguel Tejada
48%
2022 TEX 1B .302 Nathaniel Lowe
48%
2021 HOU 1B .319 Yuli Gurriel
48%
2000 3. ANA LF .355 Darin Erstad
44%
2005 PHI/DET 2B .331 Placido Polanco
44%
2007 DET 2B .341 Placido Polanco
44%
2024 HOU C .299 Yainer Diaz
44%
2023 TBR 1B .330 Yandy Díaz
44%
2005 BAL 2B .314 Brian Roberts
40%
2003 ATL RF .330 Gary Sheffield
40%
2003 PIT C .325 Jason Kendall
40%
2005 BOS CF .316 Johnny Damon
40%
2014 PIT 2B .315 Josh Harrison
40%
2014 COL 1B .319 Justin Morneau
40%
2018 MIL CF .308 Lorenzo Cain
40%
2004 BAL 3B .340 Melvin Mora
40%
2020 NYM RF .322 Michael Conforto
40%
2001 CLE 2B .336 Roberto Alomar
40%
2022 KCR/NYY LF .304 Andrew Benintendi
36%
2019 PIT LF .314 Bryan Reynolds
36%
2013 STL 2B .318 Matt Carpenter
36%
2021 PIT/SDP 2B .305 Adam Frazier
32%
2013 WSN RF .318 Jayson Werth
32%
2000 4. HOU LF .355 Moises Alou
32%
2001 HOU LF .331 Moises Alou
32%
2011 HOU/PHI RF .314 Hunter Pence
28%
2013 COL RF .331 Michael Cuddyer
28%
2002 KCR 1B .340 Mike Sweeney
28%
2008 TEX DH .321 Milton Bradley
28%
2021 CIN RF .309 Nick Castellanos
28%
2019 CHW 3B .315 Yoan Moncada
28%
2010 KCR 1B .318 Billy Butler
24%
2016 ARI SS .319 Jean Segura
24%
2017 HOU RF .314 Josh Reddick
24%
2015 ARI CF .315 AJ Pollock
20%
2003 BOS 3B .326 Bill Mueller
20%
2006 PIT 2B .344 Freddy Sanchez
20%
2020 SFG 2B .326 Donovan Solano
16%
2006 COL 3B .329 Garrett Atkins
16%
2004 SDP 2B .335 Mark Loretta
16%
2015 WSN 3B .314 Yunel Escobar
16%
2008 WSN 2B .316 Cristian Guzmán
12%
2010 ATL 2B .321 Omar Infante
12%
2018 CIN 2B .310 Scooter Gennett
12%
2001 TEX LF .330 Frank Catalanotto
8%
2020 COL LF .321 Raimel Tapia
8%
2000 10. TEX/CLE 1B .334 David Segui
4%
2000 9. COL RF .335 Jeffrey Hammonds
4%
No matching quizzes found
Score Distribution
Percent of People with Each Score
Percentile by Number Answered
Your Score History
You have not taken this quiz